| 000 | 01179cam a22003137a 4500 | ||
|---|---|---|---|
| 003 | CHAP | ||
| 005 | 20220329135838.0 | ||
| 008 | 971013s1980 r 00010 d | ||
| 010 | _a43183 | ||
| 011 | _a44155 | ||
| 035 | _a48293 | ||
| 040 | _cCHAP | ||
| 090 | _aFolleto 6261 | ||
| 110 |
_aMéxico. Secretaría de Relaciones Exteriores _977225 |
||
| 245 | 0 |
_aMéxico, acciones y políticas en materia ambiental _b: documento oficial de la delegación mexicana ante el VII periódo de sesiones del Consejo de Administración del PNUMA... |
|
| 260 |
_a(s.l. : _bLa Secretaría), _c(1980?) |
||
| 300 |
_a80 p. _b; mapas ; gráfs |
||
| 590 |
_aBATCH-UPD _b10 _c20130110 _lUCH01 _h0933 |
||
| 590 |
_aBATCH-UPD _b10 _c20130410 _lUCH01 _h0552 |
||
| 590 |
_aBATCH-UPD _b10 _c20130914 _lUCH01 _h1808 |
||
| 590 |
_aCONVERSION _b10 _c20130109 _lUCH01 _h1324 |
||
| 650 | 1 | 4 |
_aMedio ambiente _xContaminación. _974069 |
| 650 | 1 | 4 |
_aRecursos naturales _xConservación _xMéxico. _995242 |
| 650 | 1 | 4 |
_aUrbanismo _zMéxico. _9116849 |
| 901 | _aBK | ||
| 942 | _cFOLL | ||
| 949 |
_aFolleto 6261 _bBC _cFOLL _d-109503 _eTS1 _i48293 _mD _si |
||
| 949 |
_aFolleto 6261 _bBC _cFOLL _d-109504 _eTS2 _fc.2 _i48293 _mD _si |
||
| 999 |
_c43183 _d43183 |
||